| 000 | 00979nam a22002777a 4500 | ||
|---|---|---|---|
| 999 |
_c14076 _d14076 |
||
| 003 | EG-ScBUE | ||
| 005 | 20210206111857.0 | ||
| 008 | 100613s2010 ua f 000 jj ara d | ||
| 017 | _a2009/13540 | ||
| 020 | _a9789770926488 | ||
| 040 |
_aEG-ScBUE _bara _erda _cEG-ScBUE _dEG-ScBUE |
||
| 082 | 0 | 4 |
_a892.736 _bط ا هـ _222 |
| 100 | 1 |
_911395 _aطاهر، بهاء، _d1935- _eمؤلف. |
|
| 245 | 1 | 0 |
_aلم أعرف أن الطواويس تطير : _bمجموعة قصصية / _cبهاء طاهر. |
| 250 | _aالطبعة الثالثة. | ||
| 264 | 1 |
_aالقاهرة، مصر : _bدار الشروق، _c2010. |
|
| 300 |
_a112 صفحة ؛ _c20 سم |
||
| 336 |
_2rdacontent _aنص _btxt |
||
| 337 |
_2rdamedia _aبدون وسيط _bn |
||
| 338 |
_2rdacarrier _aمجلد _bnc |
||
| 650 | 7 |
_98542 _aالقصص العربية القصيرة _zمصر _yقرن 20. _2BUEsh |
|
| 651 | _2BUEsh | ||
| 653 |
_bARALIT _cFebruary2021 |
||
| 655 |
_vReading book _934232 |
||
| 942 |
_2ddc _cBB |
||